Lógica e introducción a la problematica filosófica

Uloženo v:
Podrobná bibliografie
Hlavní autor: Romero, Francisco (Autor)
Médium: Kniha
Jazyk:španělština
Vydáno: Buenos Aires Losada 1973
Témata:
Tagy: Přidat tag
Žádné tagy, Buďte první, kdo vytvoří štítek k tomuto záznamu!

MARC

LEADER 00000nam a2200000 a 4500
001 UCU2421
003 CL-VaPUC
008 960426e19730000AG |||||||||||||||||spa|d
082 0 4 |a 160  |b ROM  |2 21 
100 0 |a Romero, Francisco  |e author  |9 358552 
245 1 0 |a Lógica e introducción a la problematica filosófica 
300 |a 302 p 
942 |c BK 
945 |d 19960426 00:00:00  |a rleighto 
260 |a Buenos Aires  |b Losada  |c 1973 
650 0 |a Lógica  |9 256849 
650 0 |a Psicología   |9 257863 
650 7 |a CONOCIMIENTO  |2 CL-VaPUC  |9 308991 
650 0 |a Ontología   |9 256850 
650 0 |a Juicio  |9 321615 
650 0 |a Razonamiento  |9 256520 
650 0 |a Silogismos  |9 342142 
650 7 |a LOGICA MODERNA  |2 CL-VaPUC  |9 348558 
650 0 |a Metafísica  |9 265649 
650 0 |a Ética  |9 255099 
583 |a last modification  |c 19960426 00:00:00  |k Rodrigo Vera 
999 |c 246717  |d 246715 
952 |0 0  |1 0  |4 0  |6 160_000000000000000_ROM_1973  |7 0  |8 A  |9 261906  |a BIBEDU  |b BIBEDU  |d 2019-11-19  |i 3123278  |o 160 ROM 1973  |p 3123278  |r 2019-11-19  |w 2019-11-19  |y BK  |k FIL